Statistics for Thai Province Flags Quiz #2

Click here to take the quiz!

General Stats

  • This quiz has been taken 33 times
  • The average score is 9 of 11

Answer Stats

Answer% Correct
Chonburi
94%
Kalasin
88%
Krabi
88%
Loei
88%
Chumphon
82%
Kanchanaburi
82%
Lopburi
82%
Kamphaeng Phet
76%
Khon Kaen
76%
Lampang
76%
Lamphun
76%

Score Distribution

Percentile by Number Answered

Percent of People with Each Score

Your Score History

You have not taken this quiz